000 00382nam a2200157Ia 4500
008 151213s9999 xx 000 0 und d
100 _aDavid Goacher
245 _aThe Monetary & Financial System
_cDavid Goacher
250 _a4th
260 _aDelhi
_bA.I.T.B.,S
_c2002
300 _a1506 p.
650 _aFinance
650 _aFinance
700 _aDavid Goacher
999 _c1167
_d1167